00149 a2200073 450000100060000010000130000624500400001926000160005911220 aVali, F. aPolitics of the Indian oceen Region abPreagerc